000 00447nam a2200181Ia 4500
001 14030
005 20260306164844.0
008 260306t2010||||xx |||||||||||||| ||spa||
041 _aESP
082 _a005.82051
_bH66
100 _aHoffstein, Jeffrey
_eAUT
245 3 _aAn Introduction to Mathematical Crytography
260 _c2010
300 _axv, 523 páginas :
_c23 cm.
650 _aGEN
654 _aCCC
942 _cLIB
_dJUS
_fJUS
_2ddc
_n
999 _c14030
_d14030